| 000 | 00419nam a22001337a 4500 | ||
|---|---|---|---|
| 999 |
_c530165 _d530165 |
||
| 003 | NUST | ||
| 038 | _aNusrat Nadeem | ||
| 082 | _a004.12JUN | ||
| 100 |
_a Khan Junaid Ahmad _923558 |
||
| 245 |
_aPh.D/ Thesis:On the Mathematical Modeling of Two and Three Dimensional Flows of Nanofluid _cJunaid Ahmad Khan |
||
| 260 |
_aIslamabad _bRCMS NUST _c2016 |
||
| 700 | _4Dr. Meraj Mustafa Hashmi (Supervisor) | ||
| 942 |
_2ddc _cTHE |
||